LIBRARY ONLINE CATALOGUE

Understanding family law / (Record no. 3927)

MARC details
000 -LEADER
fixed length control field 00964cam a22002652 4500
001 - CONTROL NUMBER
control field 0000019419
005 - DATE AND TIME OF LATEST TRANSACTION
control field 20151217145914.0
008 - FIXED-LENGTH DATA ELEMENTS--GENERAL INFORMATION
fixed length control field 101115s xx 000 0 eng d
020 ## - INTERNATIONAL STANDARD BOOK NUMBER
International Standard Book Number 0421901704 :
040 ## - CATALOGING SOURCE
Original cataloging agency KABU
Transcribing agency KABU
100 1# - MAIN ENTRY--PERSONAL NAME
Personal name Freeman, Michael.
-- 0000160163
245 10 - TITLE STATEMENT
Title Understanding family law /
Statement of responsibility, etc. Michael Freeman.
250 ## - EDITION STATEMENT
Edition statement 1st ed.
260 ## - PUBLICATION, DISTRIBUTION, ETC. (IMPRINT)
Place of publication, distribution, etc. London :
Name of publisher, distributor, etc. Sweet & Maxwell,
Date of publication, distribution, etc. 2007.
300 ## - PHYSICAL DESCRIPTION
Extent iv, 578 p.
650 #0 - SUBJECT ADDED ENTRY--TOPICAL TERM
Topical term or geographic name as entry element Domestic relations
Geographic subdivision Great Britain.
-- 0000160162
650 #0 - SUBJECT ADDED ENTRY--TOPICAL TERM
Topical term or geographic name as entry element Parent and child (Law)
Geographic subdivision Great Britain.
-- 0000179204
852 1# - LOCATION
-- p2623.60 KES
852 1# - LOCATION
-- p4390 KES
852 1# - LOCATION
-- p2340 KES
852 1# - LOCATION
-- p2340 KES
852 1# - LOCATION
-- p4390 KES
908 ## - PUT COMMAND PARAMETER (RLIN)
Put command parameter 101115
950 ## - LOCAL HOLDINGS (RLIN)
-- 1
Holdings
Withdrawn status Lost status Source of classification or shelving scheme Not for loan Home library Current library Date acquired Total Checkouts Full call number Barcode Date last seen Price effective from Koha item type Total Renewals Date last checked out Checked out
    Library of Congress Classification   Kabarak, Main Campus Kabarak, Main Campus 17/12/2015   KD750 .F74 2007 c. 5 21048 17/12/2015 17/12/2015 General Collection      
    Library of Congress Classification   Kabarak, Main Campus Kabarak, Main Campus 17/12/2015   KD750 .F74 2007 c. 7 21092 17/12/2015 17/12/2015 General Collection      
    Library of Congress Classification   Kabarak, Main Campus Kabarak, Main Campus 17/12/2015 10 KD750 .F74 2007 c. 1 23512 29/01/2025 17/12/2015 General Collection 1 13/01/2025  
    Library of Congress Classification   Kabarak, Main Campus Kabarak, Main Campus 17/12/2015 1 KD750 .F74 2007 c. 2 23513 30/08/2018 17/12/2015 General Collection 1 02/08/2018  
    Library of Congress Classification   Kabarak, Main Campus Kabarak, Main Campus 17/12/2015 4 KD750 .F74 2007 c. 6 21093 08/11/2025 17/12/2015 General Collection 1 23/10/2025  
    Library of Congress Classification   Kabarak, Main Campus Kabarak, Main Campus 17/12/2015 4 KD750 .F74 2007 c. 4 19977 02/04/2026 17/12/2015 General Collection   17/03/2026  
    Library of Congress Classification   Kabarak, Main Campus Kabarak, Main Campus 17/12/2015 5 KD750 .F74 2007 c. 8 021150 20/05/2019 17/12/2015 General Collection   20/05/2019  
    Library of Congress Classification   Kabarak, Main Campus Kabarak, Main Campus 17/12/2015 4 KD750 .F74 2007 c. 9 021148 22/03/2025 17/12/2015 General Collection 2 22/02/2025  
    Library of Congress Classification   Kabarak, Main Campus Kabarak, Main Campus 17/12/2015 2 KD750 .F74 2007 c. 10 021149 13/07/2018 17/12/2015 General Collection   25/06/2018  
    Library of Congress Classification   Kabarak, Main Campus Kabarak, Main Campus 17/12/2015 1 KD750 .F74 2007 c. 11 021147 18/06/2019 17/12/2015 General Collection 1 10/05/2019  
    Library of Congress Classification   Kabarak, Main Campus Kabarak, Main Campus 17/12/2015 1 KD750 .F74 2007 c. 12 021146 27/05/2019 17/12/2015 General Collection   10/05/2019  
    Library of Congress Classification   Kabarak, Main Campus Kabarak, Main Campus 17/12/2015 4 KD750 .F74 2007 c. 13 021152 23/10/2024 17/12/2015 General Collection   12/10/2024  
    Library of Congress Classification   Kabarak, Main Campus Kabarak, Main Campus 17/12/2015 3 KD750 .F74 2007 c. 14 021151 31/03/2022 17/12/2015 General Collection 1 22/03/2022  
    Library of Congress Classification   Kabarak, Main Campus Kabarak, Main Campus 17/12/2015 1 KD750 .F74 2007 c. 15 021145 15/10/2019 17/12/2015 General Collection   30/09/2019  
    Library of Congress Classification   Kabarak, Main Campus Kabarak, Main Campus 17/12/2015 4 KD750 .F74 2007 c. 16 021144 22/01/2026 17/12/2015 General Collection   22/01/2026 07/02/2026
    Library of Congress Classification   Kabarak, Main Campus Kabarak, Main Campus 17/12/2015 1 KD750 .F74 2007 c. 17 021143 02/10/2018 17/12/2015 General Collection   24/09/2018  
    Library of Congress Classification   Kabarak, Main Campus Kabarak, Main Campus 17/12/2015 2 KD750 .F74 2007 c. 3 23130 15/11/2021 17/12/2015 General Collection   01/11/2021